| 000 | 01122cab a22002055a 4500 | ||
|---|---|---|---|
| 001 | L148198 | ||
| 008 | 090818e20090725xxkado f s 000 0 eng d | ||
| 035 | _a(Sirsi) u148198 | ||
| 041 | 0 | _aeng | |
| 110 | 2 |
_aEstates Gazette _9298 |
|
| 245 | 0 | 0 | _aLondon offices market analysis |
| 260 | _c2009 | ||
| 490 |
_aEstates Gazette _v(0929) 25 July 2009, 59-76 (17) |
||
| 490 |
_aEstates Gazette London Offices Market Analysis _v(issue 2) April-June 2009, 1-17 (17) |
||
| 520 | _aDiscusses take up, supply, availability rates, asking rents, construction and investment trends for various locations within London. Reports that the market is still experiencing the consequences of the credit crunch. Forecasts an important loss of economic output and employment. Average rental prices are still reducing in London. Explains that there is a slight improvement in the investment market in the second quarter 2009. Reveals that the rate of decline of capital values is slower. Suggests a very slow pace to recovery. | ||
| 590 | _aKA | ||
| 651 | 4 | _aLondon | |
| 690 | _aPROPERTY-OFFICE PROPERTY-OFFICE PROPERTY MARKET | ||
| 942 | _n0 | ||
| 999 |
_c81748 _d81748 |
||